<?xml version="1.0" encoding="UTF-8"?>
<record
    xmlns:xsi="http://www.w3.org/2001/XMLSchema-instance"
    xsi:schemaLocation="http://www.loc.gov/MARC21/slim http://www.loc.gov/standards/marcxml/schema/MARC21slim.xsd"
    xmlns="http://www.loc.gov/MARC21/slim">

  <leader>00690naa a2200157 i 4500</leader>
  <controlfield tag="001">8976</controlfield>
  <controlfield tag="003">KOSZ 005</controlfield>
  <controlfield tag="005">20180313103249.0</controlfield>
  <controlfield tag="008">150319s2004    pl     f     |100 0 pol</controlfield>
  <datafield tag="040" ind1=" " ind2=" ">
    <subfield code="c">BPK</subfield>
    <subfield code="d">KOSZ 005/EG</subfield>
  </datafield>
  <datafield tag="100" ind1="1" ind2=" ">
    <subfield code="a">WERNO, Maciej.</subfield>
    <subfield code="d">1998 - 2004.</subfield>
    <subfield code="b">Politechnika Koszali&#x144;ska - Wydzia&#x142; Budownictwa i In&#x17C;ynierii &#x15A;rodowiska,</subfield>
    <subfield code="c">Katedra Geotechniki</subfield>
  </datafield>
  <datafield tag="245" ind1="1" ind2="0">
    <subfield code="a">Uszczelnianie sk&#x142;adowiska &#x17B;elazny Most :</subfield>
    <subfield code="b">metodyka bada&#x144; i wyniki /</subfield>
    <subfield code="c">B. Dembski, M. Dembski, S. Downorowicz, M. Werno.</subfield>
  </datafield>
  <datafield tag="650" ind1=" " ind2="0">
    <subfield code="a">Mechanika grunt&#xF3;w.</subfield>
  </datafield>
  <datafield tag="773" ind1="0" ind2=" ">
    <subfield code="i">W :</subfield>
    <subfield code="t">Seminarium Naukowo-Techniczne : "Problemy hydrogeologiczne g&#xF3;rnictwa rud miedzi". -</subfield>
    <subfield code="d">Lubin, 2004. -</subfield>
    <subfield code="g">s. 179-190</subfield>
  </datafield>
  <datafield tag="942" ind1=" " ind2=" ">
    <subfield code="c">ROZ</subfield>
    <subfield code="2">UKD</subfield>
  </datafield>
  <datafield tag="999" ind1=" " ind2=" ">
    <subfield code="c">8976</subfield>
    <subfield code="d">8976</subfield>
  </datafield>
</record>
